| 000 | 00701cam a22002533a 4500 | ||
|---|---|---|---|
| 001 | 14381 | ||
| 003 | PGUSA | ||
| 005 | 20140828083316.0 | ||
| 008 | 041219s2004||||xxu|||||s|||||000 | eng d | ||
| 040 |
_aPGUSA _beng |
||
| 042 | _adc | ||
| 050 | 4 | _aDG | |
| 100 | 1 |
_aAbout, Edmond, _d1828-1885 |
|
| 245 | 1 | 4 |
_aThe Roman Question _h[electronic resource] / _cEdmond About |
| 260 |
_bProject Gutenberg, _c2004 |
||
| 506 | _aPublic domain in the USA. | ||
| 516 | _aElectronic text | ||
| 653 | _aPopes -- Temporal power | ||
| 653 | _aRoman question | ||
| 700 | 1 |
_aCoape, Henry C. _q(Henry Coe) |
|
| 830 | 0 |
_aProject Gutenberg _v14381 |
|
| 856 | 4 | 0 | _uhttp://www.gutenberg.org/ebooks/14381 |
| 942 | _cEB | ||
| 999 |
_c243636 _d243636 |
||